| 000 | 00748nam a2200241Ia 4500 | ||
|---|---|---|---|
| 003 | GCL | ||
| 008 | 140319s9999 xx 000 0 eng d | ||
| 020 | _a1860643418 | ||
| 040 |
_aGCL / _cGCL |
||
| 082 | 0 | 4 |
_a297.09 _bM I |
| 100 | 1 | _aMUNOZ, GEMA MARTIN | |
| 245 | 1 | 0 |
_aISLAM, MODERNISM AND THE WEST : _bCULTURAL AND POLITICAL RELATIONS AT THE END OF THE MILLENNUIM / _cMUNOZ, GEMA MARTIN |
| 260 |
_aانجلترا : _bI.B. TAURIS & CO LTD ، _c1999 |
||
| 300 |
_a22 CM ؛ _cXVI,264 P |
||
| 650 | 0 | 4 | _aISLAM |
| 650 | 0 | 4 | _aISLAM - HISTORY |
| 650 | 0 | 4 | _aISLAMIC COUNTRIES - POLITICS AND GOVERNMENT |
| 650 | 0 | 4 | _aISLAMIC COUNTRIES |
| 650 | 0 | 4 | _aMODERNISM |
| 650 | 0 | 4 | _aISLAM - CIVILIZATION |
| 650 | 0 | 4 | _aISLAM AND THE WEST |
| 942 |
_2ddc _cBK |
||
| 999 |
_c2510 _d2510 |
||